Jurisprudencia electoral del Tribunal Supremo 1910-1916 / (Record no. 85511)

MARC details
000 -LEADER
campo de control de longitud fija 00585nam a2200169 i 4500
001 - NÚMERO DE CONTROL
campo de control 85511
003 - IDENTIFICADOR DE NÚMERO DE CONTROL
campo de control ES-MaACL
005 - FECHA Y HORA DE LA ÚLTIMA TRANSACCIÓN
campo de control 20230906175244.0
007 - CAMPO FIJO DE DESCRIPCIÓN FÍSICA--INFORMACIÓN GENERAL
campo de control de longitud fija t|
008 - DATOS DE LONGITUD FIJA--INFORMACIÓN GENERAL
campo de control de longitud fija 041128s1920 sp |||| | spa d
245 00 - MENCIÓN DEL TÍTULO
Título Jurisprudencia electoral del Tribunal Supremo 1910-1916 /
Mención de responsabilidad, etc. ordenada, concordada y seguida de varios estudios por Francisco Aguado Arnal.
260 ## - PUBLICACIÓN, DISTRIBUCIÓN, ETC.
Lugar de publicación, distribución, etc. Bilbao :
Nombre del editor, distribuidor, etc. Zubiri y Zarza,
Fecha de publicación, distribución, etc. 1920.
300 ## - DESCRIPCIÓN FÍSICA
Extensión XV, 1045 p. ;
Dimensiones 23 cm.
650 04 - PUNTO DE ACCESO ADICIONAL DE MATERIA--TÉRMINO DE MATERIA
Término de materia o nombre geográfico como elemento de entrada Derecho electoral-
Subdivisión geográfica España-
Subdivisión de forma Jurisprudencia.
9 (RLIN) 11706
700 1# - ENTRADA AGREGADA--NOMBRE PERSONAL
Nombre de persona Aguado Arnal, Francisco.
9 (RLIN) 18616
852 ## - LOCALIZACIÓN
Ubicación ES-MaACL
Número de control de estantería B-5614
Holdings
Estatus retirado Estado de pérdida Estado de daño No para préstamo Biblioteca de origen Biblioteca actual Ubicación en estantería Fecha de adquisición Fuente de adquisición Total de préstamos Signatura topográfica completa Código de barras Visto por última vez Precio de reemplazo Tipo de ítem Koha
        Biblioteca del Ateneo de Madrid Biblioteca del Ateneo de Madrid Sala Pardo Bazán 17/01/2008     B-5614 1089354 23/02/2023 23/02/2023 Libro impreso